000 00882nam a2200253 i 4500
001 82226
003 ES-MaACL
005 20230906174632.0
007 t|
008 041201s2002 sp ||||1| spa d
020 _a84-8428-127-2
080 _a821.112.2-31"17"
080 _a929 Goethe, Johann Wolfgang von
080 _a929 Levetzow, Ulrike von
100 1 _aGoethe, Johann Wolfgang von,
_d1749-1832
_957568
245 1 3 _aEl hombre de cincuenta años
_b: ; La Elegía de Marienbad : crónica de un amor de senectud /
_cJohann W. Goethe y otros ; edición, traducción y notas de Rosa Sala.
250 _a1ª ed.
260 _aBarcelona :
_bAlba,
_c2002.
300 _a220 p. :
_bil. ;
_c21 cm.
600 1 4 _aGoethe, Johann Wolfgang von,
_d1749-1832
_957568
700 1 _aSala, Rosa.
_9101656
852 _aES-MaACL
_jE-10526
_bR.134665
999 _c82226
_d82226